| 000 | 00745nam a2200277Ia 4500 | ||
|---|---|---|---|
| 001 | dia_3301 | ||
| 003 | CHAP | ||
| 005 | 20221215132026.0 | ||
| 008 | 220117s1989 xx 000 0 und d | ||
| 010 | _a170733 | ||
| 020 | _a0-442-31807-3 | ||
| 040 | _cCHAP | ||
| 082 | _a615.944 M3 1989 | ||
| 100 |
_aMarriott, Norman G. _971551 |
||
| 245 |
_aPrinciples of Food Sanitation / _c by Norman G. Marriott |
||
| 250 | _a2 | ||
| 260 |
_aNew York : _b Avi, _c1989 |
||
| 300 | _a387 P. | ||
| 503 | _aI.151164 | ||
| 650 |
_a1.Alimentos _xHigiene _9147839 |
||
| 650 |
_aAlimentos _xCalidad _94175 |
||
| 901 | _a615.944 M3 1989 | ||
| 902 | _aM | ||
| 905 | _a0000001989 -USX 0000000000ENG00 | ||
| 942 |
_cLIBRO _2ddc |
||
| 999 |
_c170733 _d170733 |
||